000 00549nam a2200169 i 4500
001 28962
003 ES-MaACL
005 20230906153946.0
007 t|
008 030120s1969 sp ||||1| spa d
110 0 0 _aBanco de Crédito Industrial.
_92102
245 1 0 _aMemoria del ejercicio de 1968 /
_cBanco de Crédito Industrial de España.
260 _a[S.l. :
_bs.n.,
_c1969] (
_eBarcelona :
_fAriel)
300 _a118 p. :
_bil. ;
_c30 cm.
610 2 4 _aBanco de Crédito Industrial-
_vMemorias.
_9162006
852 _aES-MaACL
_jC-36343
_bR.70714
999 _c28962
_d28962